| 000 | 00775nam a22002057a 4500 | ||
|---|---|---|---|
| 999 |
_c63862 _d63862 |
||
| 005 | 20260209125645.0 | ||
| 008 | 260209s2024 gw ||||| |||| 00| 0 goh d | ||
| 020 | _a9783126071536x | ||
| 041 | _agoh | ||
| 080 | _a811.112..2'373 N-46 | ||
| 245 |
_aNetzwerk neu A2 : _bKursbuch mit Audios und Videos / _cStefanie Dengler, Paul Rusch, Helen Schmitz, Tanja Sieber. |
||
| 264 |
_aShuttgart : _bErnst Klett Sprachen, _c2025. |
||
| 300 |
_a176 p.: _bill. _c29 cm. |
||
| 653 | _aგერმანული ენა | ||
| 700 |
_a Dengler, Stefanie _eავტორი _926835 |
||
| 700 |
_aRusch, Pau _eავტორი _926836 |
||
| 700 |
_aSchmitz, Helen _eავტორი _926837 |
||
| 700 |
_aSieber, Tanja _eავტორი _926838 |
||
| 942 |
_2udc _cᲬᲘᲒᲜᲘ |
||